书目信息 |
| 题名: |
中国文学家辞典
|
|
| 作者: | ;北京语言学院 编 | |
| 分册: | 现代二分册 | |
| 出版信息: | 成都 四川人民出版社 1979 |
|
| 页数: | 808页 | |
| 开本: | 19cm | |
| 丛书名: | ||
| 单 册: | ||
| 中图分类: | K825.6-61 , K-61 | |
| 科图分类: | ||
| 主题词: | 作家--中国--词典 , 历史 , 地理 | |
| 电子资源: | ||
| ISBN: | ||
| 000 | 00717nam0 2200253 450 | |
| 001 | 1560794810 | |
| 005 | 20150123171354.45 | |
| 010 | @dCNY2.50 | |
| 091 | @a17118.16@d¥1.75 | |
| 100 | @a19950725d1979 em y0chiy0110 ea | |
| 101 | 0 | @achi |
| 102 | @aCN@b510000 | |
| 105 | @ay z 000yy | |
| 200 | 1 | @a中国文学家辞典@9zhong guo wen xue jia ci dian@h现代二分册@h第一分册@f北京语言学院《中国文学家辞典》编委会编 |
| 210 | @a成都@c四川人民出版社@d1979 | |
| 215 | @a808页@d19cm | |
| 606 | 0 | @a作家@y中国@x词典 |
| 606 | 0 | @a历史 |
| 606 | 0 | @a地理 |
| 690 | @aK825.6-61@v5 | |
| 690 | @aK-61@v4 | |
| 711 | 02 | @a北京语言学院@9bei jing yu yan xue yuan@4编 |
| 801 | 0 | @aCN@bTSSF@c20150123 |
| 905 | @aZUCC@dK-61@eJY1:2 | |
| 中国文学家辞典.现代二分册.第一分册/北京语言学院《中国文学家辞典》编委会编.-成都:四川人民出版社,1979 |
| 808页;19cm |
| ISBN :CNY2.50 |
| ● |
| 相关链接 |
|
|
|
|
正题名:中国文学家辞典
索取号:K-61/JY1:2
 
预约/预借
| 序号 | 登录号 | 条形码 | 馆藏地/架位号 | 状态 | 备注 |
| 1 | 7840356 | 278403568 | 学院路分馆/ [索取号:K-61/JY1:2] | 在馆 | |
| 2 | 7840357 | 278403577 | 学院路分馆/ [索取号:K-61/JY1:2] | 在馆 | |
| 3 | 7840358 | 278403586 | 学院路分馆/ [索取号:K-61/JY1:2] | 在馆 | |
| 4 | 7840359 | 278403595 | 学院路分馆/ [索取号:K-61/JY1:2] | 在馆 | |
| 5 | 7840360 | 278403602 | 学院路分馆/ [索取号:K-61/JY1:2] | 在馆 | |
| 6 | 7840361 | 278403611 | 学院路分馆/ [索取号:K-61/JY1:2] | 在馆 | |
| 7 | 7840362 | 278403620 | 学院路分馆/ [索取号:K-61/JY1:2] | 在馆 | |
| 8 | 7844171 | 278441713 | 学院路分馆/ [索取号:K-61/JY1:2] | 在馆 | |
| 9 | 7844172 | 278441722 | 学院路分馆/ [索取号:K-61/JY1:2] | 在馆 |